Essentials of Pharmacology for Nurses / (Record no. 367)

MARC details
000 -LEADER
Fixed length control field 00496nam a2200193Ia 4500
003 - CONTROL NUMBER IDENTIFIER
Control field IIN
005 - DATE AND TIME OF LATEST TRANSACTION
Control field 20250526125135.0
008 - FIXED-LENGTH DATA ELEMENTS--GENERAL INFORMATION
Fixed length control field 231217s9999 xx 000 0 und d
020 ## - INTERNATIONAL STANDARD BOOK NUMBER / ISBN
Price Rs.295.00
International Standard Book Number 9789374735831
040 ## - CATALOGING SOURCE
Original cataloging agency IIN
Language of cataloging English
082 ## - DEWEY DECIMAL CLASSIFICATION NUMBER
Classification number 615.1
Book Number PAN
100 1# - MAIN ENTRY--PERSONAL NAME
Personal name Panwar, P. K.
245 1# - TITLE STATEMENT
Title Essentials of Pharmacology for Nurses /
Statement of responsibility P.K. Panwar
250 ## - EDITION STATEMENT
Edition statement 2nd ed
260 ## - IMPRINT
Name of publisher Aitbs
Place of publication Delhi
Date of publication 2016
300 ## - PHYSICAL DESCRIPTION
Page / Vol. No xvi, 193p.
650 1# - SUBJECT ADDED ENTRY--TOPICAL TERM
Topical term Pharmacology
Form subdivision Nurses
942 ## - ADDED ENTRY ELEMENTS (KOHA)
Koha item type Books
Holdings
Withdrawn status Lost status Source of classification Damaged status Not for loan Collection code Home library Current library Shelving location Date acquired Price Total Checkouts Call number Accession number Date last seen Copy number Price effective from Koha item type
    Dewey Decimal Classification       IDEAL INSTITUTE OF NURSING IDEAL INSTITUTE OF NURSING General Stacks 17/12/2023 295.00   615.1 PAN 362 17/12/2023 1 17/12/2023 Books
    Dewey Decimal Classification       IDEAL INSTITUTE OF NURSING IDEAL INSTITUTE OF NURSING General Stacks 17/12/2023 295.00   615.1 PAN 363 17/12/2023 2 17/12/2023 Books
    Dewey Decimal Classification       IDEAL INSTITUTE OF NURSING IDEAL INSTITUTE OF NURSING General Stacks 17/12/2023 295.00   615.1 PAN 364 17/12/2023 3 17/12/2023 Books
    Dewey Decimal Classification       IDEAL INSTITUTE OF NURSING IDEAL INSTITUTE OF NURSING General Stacks 17/12/2023 295.00   615.1 PAN 365 17/12/2023 4 17/12/2023 Books
    Dewey Decimal Classification       IDEAL INSTITUTE OF NURSING IDEAL INSTITUTE OF NURSING General Stacks 17/12/2023 295.00   615.1 PAN 366 17/12/2023 5 17/12/2023 Books
    Dewey Decimal Classification       IDEAL INSTITUTE OF NURSING IDEAL INSTITUTE OF NURSING General Stacks 17/12/2023 295.00   615.1 PAN 367 17/12/2023 6 17/12/2023 Books
    Dewey Decimal Classification       IDEAL INSTITUTE OF NURSING IDEAL INSTITUTE OF NURSING General Stacks 17/12/2023 295.00   615.1 PAN 368 17/12/2023 7 17/12/2023 Books
    Dewey Decimal Classification       IDEAL INSTITUTE OF NURSING IDEAL INSTITUTE OF NURSING General Stacks 17/12/2023 295.00   615.1 PAN 369 17/12/2023 8 17/12/2023 Books
    Dewey Decimal Classification       IDEAL INSTITUTE OF NURSING IDEAL INSTITUTE OF NURSING General Stacks 17/12/2023 295.00   615.1 PAN 370 17/12/2023 9 17/12/2023 Books
    Dewey Decimal Classification       IDEAL INSTITUTE OF NURSING IDEAL INSTITUTE OF NURSING General Stacks 17/12/2023 295.00   615.1 PAN 371 17/12/2023 10 17/12/2023 Books
    Dewey Decimal Classification     Purches Book IDEAL INSTITUTE OF NURSING IDEAL INSTITUTE OF NURSING General Stacks 11/03/2025 395.00   615.1 PAN 2074 26/05/2025 11 26/05/2025 Books
© Ideal Institute Of Nursing, All rights reserved.         Powered by Koha